000 00895nam a2200253Ia 4500
003 OSt
005 20221005113302.0
006 a|||||r|||| 00| 0
007 ta
008 221004b |||||||| |||| 00| 0 pan d
020 _a8173802270 (hbk)
_c200
024 _a6721
037 _b726, 26/06/2013, H.K. Prakashan
_cTextual
040 _aCRL
_cCRL
_bpan
041 _2pan
_apan
082 _aO153,3N35:g, N6
100 _aਧਨਵੰਤ ਕੌਰ, ਥਦ.
245 0 _aਗਲਪਕਾਰ ਡਾ. ਦਲੀਪ ਕੌਰ ਟਿਵਾਣਾ
260 _aਪਟਿਆਲਾ
_bਪੰਜਾਬੀ ਯੂਨੀਵਰਸਿਟੀ ਭਾਰਤ
_c1996
300 _a165ਪੰ
_ccm.
650 _aਪੰਜਾਬੀ ਸਾਹਿਤ
942 _hO153,3N35:g, N6
_cTEXL
_2cc
999 _c1027657
_d1027657